[Event "Mislata op 56th"]
[Site "Mislata"]
[Date "2023.08.15"]
[Round "3"]
[White "Cherkasov, Boris"]
[Black "Gavarrete, Nahun"]
[Result "1/2-1/2"]
[WhiteElo "1971"]
[BlackElo "2232"]
[PlyCount "142"]
[EventDate "2023.08.14"]
[EventType "swiss"]
[EventRounds "9"]
[EventCountry "ESP"]
[SourceTitle "CBM 215 Extra"]
[Source "ChessBase"]
[SourceDate "2023.09.30"]
[SourceVersion "1"]
[SourceVersionDate "2023.09.30"]
[SourceQuality "1"]

1. d4 Nf6 2. Nf3 g6 3. g3 Bg7 4. Bg2 0-0 5. c4 c5 6. 0-0 cxd4 7. Nxd4 Nc6 8. c5 d5 9. cxd6 Nxd4 10. dxe7 Qxe7 11. Qxd4 Qxe2 12. Nc3 Qa6 13. Bf4 Qa5 14. Be5 Rd8 15. b4 Qb6 16. Qxb6 axb6 17. Rfd1 Rxd1+ 18. Rxd1 Bg4 19. Rd4 Re8 20. f4 Bc8 21. Nb5 Ng4 22. Nd6 Nxe5 23. fxe5 Bxe5 24. Rd5 Bxd6 25. Rxd6 b5 26. Bf1 Kg7 27. Kf2 Re5 28. Rb6 Rf5+ 29. Ke1 Rh5 30. h4 Re5+ 31. Kd2 Rd5+ 32. Ke3 Re5+ 33. Kd2 Rd5+ 34. Ke3 Re5+ 35. Kd2 Rf5 36. Be2 Rf2 37. Ke3 Rg2 38. Kf3 Rh2 39. Rxb5 Be6 40. Bd3 h5 41. Be4 Bg4+ 42. Ke3 Re2+ 43. Kf4 Rf2+ 44. Ke3 Re2+ 45. Kf4 Rf2+ 46. Ke3 Re2+ 47. Kd4 Bd7 48. Rb6 Rxa2 49. Rxb7 Be6 50. b5 Kf6 51. b6 Ra4+ 52. Ke3 Ke5 53. Bc6 Ra3+ 54. Kf2 Rc3 55. Be8 Bd5 56. Re7+ Kd4 57. Bxf7 Bxf7 58. Rxf7 Ke5 59. b7 Rb3 60. Ke2 Ke6 61. Rg7 Kf6 62. Rc7 Kf5 63. Kf2 Kg4 64. Rc4+ Kh3 65. Rc7 Kg4 66. Rc4+ Kh3 67. Rc7 Kg4 68. Rc4+ Kh3 69. Rc6 Rxb7 70. Rxg6 Rb3 71. Rg5 Ra3 1/2-1/2

[Event "Mislata op 56th"]
[Site "Mislata"]
[Date "2023.08.14"]
[Round "1"]
[White "Radnai, Adam"]
[Black "Cherkasov, Boris"]
[Result "0-1"]
[WhiteElo "2257"]
[BlackElo "1971"]
[PlyCount "124"]
[EventDate "2023.08.14"]
[EventType "swiss"]
[EventRounds "9"]
[EventCountry "ESP"]
[SourceTitle "CBM 215 Extra"]
[Source "ChessBase"]
[SourceDate "2023.09.30"]
[SourceVersion "1"]
[SourceVersionDate "2023.09.30"]
[SourceQuality "1"]

1. d4 Nf6 2. Nf3 d5 3. Bf4 c5 4. e3 Nc6 5. c3 Qb6 6. Qc2 cxd4 7. exd4 Bf5 8. Qb3 e6 9. Nbd2 Be7 10. Nh4 Be4 11. f3 Nh5 12. Bg3 Qxb3 13. axb3 Bc2 14. Rc1 Bxb3 15. f4 Bc4 16. Nxc4 dxc4 17. Bxc4 Nxf4 18. 0-0 Nh5 19. Bf2 0-0 20. Rfe1 Rfd8 21. Nf3 Rac8 22. Bf1 Nf6 23. h3 h6 24. c4 Bb4 25. Red1 Ne7 26. Bd3 Nh5 27. Kf1 Bd6 28. Bb1 Ng3+ 29. Bxg3 Bxg3 30. Rc3 Rd7 31. Ba2 Rcd8 32. b4 Bf4 33. Rcd3 Nc6 34. Ra3 a6 35. b5 axb5 36. cxb5 Nxd4 37. Rxd4 Rxd4 38. Nxd4 Rxd4 39. Ke2 g5 40. Bb1 Rd2+ 41. Kf3 Rd5 42. Bd3 Kg7 43. Be2 Bd6 44. Ra7 b6 45. Bc4 Rf5+ 46. Ke2 Bc5 47. Kd3 Kg6 48. Ra2 h5 49. Re2 g4 50. hxg4 hxg4 51. Bb3 Kg5 52. Re4 Rf2 53. Re5+ Rf5 54. Ke4 Rxe5+ 55. Kxe5 Kh4 56. Bc2 Kg5 57. Be4 Ba3 58. Bc6 Bb2+ 59. Kd6 Kf6 60. Be4 Ba3+ 61. Kc6 Ke5 62. Bc2 Bc5 0-1

[Event "Oviedo op 9th"]
[Site "Oviedo"]
[Date "2023.07.29"]
[Round "8"]
[White "Cherkasov, Boris"]
[Black "Pierrot, Juan Facundo"]
[Result "1-0"]
[WhiteElo "1809"]
[BlackElo "2360"]
[PlyCount "79"]
[EventDate "2023.07.24"]
[EventType "swiss"]
[EventRounds "9"]
[EventCountry "ESP"]
[SourceTitle "CBM 215 Extra"]
[Source "ChessBase"]
[SourceDate "2023.09.30"]
[SourceVersion "1"]
[SourceVersionDate "2023.09.30"]
[SourceQuality "1"]

1. d4 d5 2. Nf3 Nc6 3. Bf4 Bg4 4. e3 e6 5. c4 Nf6 6. Nc3 Bd6 7. Bg3 0-0 8. cxd5 exd5 9. Bd3 Re8 10. 0-0 Ne4 11. a3 Qd7 12. Qc2 Bxg3 13. hxg3 Nf6 14. b4 Bxf3 15. gxf3 Ne7 16. Rfc1 h5 17. Kg2 g6 18. Rab1 Kg7 19. Na4 b6 20. Ba6 h4 21. g4 Nxg4 22. fxg4 Qxg4+ 23. Kh2 c6 24. Bd3 Qe6 25. Rg1 Qd6+ 26. f4 Ng8 27. Qf2 Re7 28. Rg5 Rae8 29. Re5 Nf6 30. Rg1 Nd7 31. Rgg5 Nxe5 32. fxe5 Rxe5 33. dxe5 Rxe5 34. Rxe5 Qxe5+ 35. Qf4 Qe7 36. Nc3 g5 37. Qd4+ f6 38. Kg2 Qd6 39. Ne4 Qe7 40. Nxg5 1-0